000 00661nam a2200277Ia 4500
005 20260324131926.0
008 008 260324s9999 xx 000 0 eng d
020 _a9780080501321
037 _aEBOOK
040 _aCRL
040 _beng
040 _cCRL
041 _2eng
041 _aeng
084 _qCRL
100 _aJohn Williams
_91120442
245 0 _aCIM Revision Cards:Marketing Management in Practice 05/06
260 _bTaylor and Francis
260 _c2005
365 _a
365 _b34.99
856 _uhttp://www.taylorfrancis.com/books/9780080501321
942 _cEBOOK
999 _c1784953
_d1784953